[Event "RN-2011-0-00424"]
[Site "LSS email"]
[Date "2011.11.28"]
[Round "?"]
[White "Kladivko, Vlado"]
[Black "Ballarin, Alessandro"]
[Result "1-0"]
[WhiteElo "1050"]
[BlackElo "783"]
[PlyCount "35"]
[EventDate "2011.11.15"]
[EventType "tourn (corr)"]
[EventRounds "6"]
[EventCountry "GER"]
[SourceTitle "Telechess CBM 149"]
[Source "ChessBase"]
[SourceDate "2012.07.17"]
[SourceVersion "1"]
[SourceVersionDate "2012.07.17"]
[SourceQuality "1"]

1. e4 e5 2. Nf3 Nc6 3. Bb5 Qf6 4. 0-0 a6 5. Ba4 b5 6. Bb3 Nge7 7. c3 Ng6 8. d4 Nh4 9. Ng5 Qg6 10. Bxf7+ Qxf7 11. Nxf7 Kxf7 12. d5 Na5 13. Bg5 Ng6 14. Nd2 Bc5 15. Qf3+ Ke8 16. b4 Bxf2+ 17. Rxf2 Nc4 18. Qf7# 1-0

[Event "OP-2011-0-01908"]
[Site "LSS email"]
[Date "2011.11.28"]
[Round "?"]
[White "Kladivko, Vlado"]
[Black "Cvak, Rudolf"]
[Result "0-1"]
[WhiteElo "1050"]
[BlackElo "1917"]
[PlyCount "46"]
[EventDate "2011.11.25"]
[EventType "tourn (corr)"]
[EventRounds "4"]
[EventCountry "GER"]
[SourceTitle "Telechess CBM 149"]
[Source "ChessBase"]
[SourceDate "2012.07.17"]
[SourceVersion "1"]
[SourceVersionDate "2012.07.17"]
[SourceQuality "1"]

1. e4 e5 2. Nf3 Nc6 3. Bb5 a6 4. Ba4 Nf6 5. 0-0 Nxe4 6. Re1 Nc5 7. Bxc6 dxc6 8. Nxe5 Be7 9. d4 Ne6 10. Nc3 Qxd4 11. Qf3 0-0 12. Nd3 Qf6 13. Qxf6 Bxf6 14. Ne4 Be7 15. Be3 b6 16. Rad1 Rd8 17. Ne5 Rxd1 18. Rxd1 Bb7 19. Rd7 Re8 20. Rd2 f5 21. Nc3 f4 22. Bd4 Nxd4 23. Rxd4 Bf6 0-1

[Event "OP-2011-0-01908"]
[Site "LSS email"]
[Date "2011.11.28"]
[Round "?"]
[White "Kladivko, Vlado"]
[Black "Lauer, Fredric"]
[Result "0-1"]
[WhiteElo "1050"]
[BlackElo "1052"]
[PlyCount "96"]
[EventDate "2011.11.25"]
[EventType "tourn (corr)"]
[EventRounds "4"]
[EventCountry "GER"]
[SourceTitle "Telechess CBM 149"]
[Source "ChessBase"]
[SourceDate "2012.07.17"]
[SourceVersion "1"]
[SourceVersionDate "2012.07.17"]
[SourceQuality "1"]

1. e4 d5 2. exd5 Nf6 3. Nf3 Qxd5 4. Nc3 Qa5 5. Bc4 Bg4 6. d4 e6 7. Qd3 c6 8. 0-0 Nbd7 9. Re1 Be7 10. Bd2 Qc7 11. Ne5 Nxe5 12. dxe5 Bf5 13. Qe2 Nd7 14. Bf4 0-0-0 15. a4 g5 16. Be3 Kb8 17. a5 a6 18. Bxa6 bxa6 19. Qxa6 Qb7 20. Qe2 Bc5 21. a6 Qa7 22. Ra3 Bxe3 23. fxe3 Nc5 24. Rea1 g4 25. b4 Ne4 26. Na4 Rd2 27. Qe1 Rxc2 28. Nc5 Nxc5 29. bxc5 Rxc5 30. Qd2 Rd5 31. Qb4+ Ka8 32. Rb3 Rb5 33. Qc4 Rxb3 34. Qxc6+ Kb8 35. Qd6+ Qc7 36. a7+ Kb7 37. a8Q+ Rxa8 38. Qxc7+ Kxc7 39. Rxa8 Rxe3 40. Ra7+ Kb6 41. Rxf7 Rxe5 42. Kf2 Kc5 43. Kg3 Re2 44. h4 gxh3 45. gxh3 Re3+ 46. Kg2 Rxh3 47. Rxf5+ exf5 48. Kxh3 Kd4 0-1

[Event "RN-2011-0-00424"]
[Site "LSS email"]
[Date "2011.11.28"]
[Round "?"]
[White "Kladivko, Vlado"]
[Black "Yangibayev, Rustam"]
[Result "1-0"]
[WhiteElo "1050"]
[BlackElo "840"]
[PlyCount "37"]
[EventDate "2011.11.15"]
[EventType "tourn (corr)"]
[EventRounds "6"]
[EventCountry "GER"]
[SourceTitle "Telechess CBM 149"]
[Source "ChessBase"]
[SourceDate "2012.07.17"]
[SourceVersion "1"]
[SourceVersionDate "2012.07.17"]
[SourceQuality "1"]

1. e4 c6 2. d4 d5 3. Nc3 dxe4 4. Nxe4 Bf5 5. Ng3 Bg6 6. Nf3 h6 7. Bd3 Bxd3 8. Qxd3 Nf6 9. 0-0 e6 10. Bd2 Nbd7 11. Rfe1 Be7 12. Rad1 Qc7 13. Ne5 Nxe5 14. dxe5 Nd5 15. c4 Nb6 16. Ba5 Qc8 17. Qd4 0-0 18. Ne4 Nd7 19. Qxd7 1-0

[Event "OP-2011-0-01908"]
[Site "LSS email"]
[Date "2011.11.28"]
[Round "?"]
[White "Linart, Ludvik"]
[Black "Kladivko, Vlado"]
[Result "0-1"]
[WhiteElo "809"]
[BlackElo "1050"]
[PlyCount "72"]
[EventDate "2011.11.25"]
[EventType "tourn (corr)"]
[EventRounds "4"]
[EventCountry "GER"]
[SourceTitle "Telechess CBM 149"]
[Source "ChessBase"]
[SourceDate "2012.07.17"]
[SourceVersion "1"]
[SourceVersionDate "2012.07.17"]
[SourceQuality "1"]

1. d4 Nf6 2. Bg5 d6 3. Bxf6 exf6 4. e3 Be7 5. Nf3 0-0 6. Nbd2 a5 7. c4 Nc6 8. a3 Bd7 9. Be2 Re8 10. 0-0 f5 11. Qc2 Bf6 12. d5 Ne5 13. Nxe5 Bxe5 14. Nf3 Qf6 15. Nxe5 Qxe5 16. Bf3 a4 17. b4 axb3 18. Qxb3 b6 19. Rfc1 f4 20. e4 f5 21. Qc3 fxe4 22. Qxe5 Rxe5 23. Be2 g5 24. Rc3 Kg7 25. h3 Kf6 26. Bd1 Rae8 27. a4 e3 28. fxe3 Rxe3 29. Rxe3 Rxe3 30. a5 bxa5 31. Kf2 Rc3 32. Be2 a4 33. Ke1 Ke5 34. Kd2 Kd4 35. Rc1 Rxc1 36. Kxc1 Kc3 0-1

[Event "ZN-2011-0-01781"]
[Site "LSS email"]
[Date "2011.11.28"]
[Round "?"]
[White "Neumann, Frank"]
[Black "Kladivko, Vlado"]
[Result "0-1"]
[WhiteElo "664"]
[BlackElo "1054"]
[PlyCount "48"]
[EventDate "2011.11.25"]
[EventType "match (corr)"]
[EventRounds "2"]
[EventCountry "GER"]
[SourceTitle "Telechess CBM 157"]
[Source "ChessBase"]
[SourceDate "2013.11.12"]
[SourceVersion "1"]
[SourceVersionDate "2013.11.12"]
[SourceQuality "1"]

1. b4 Nf6 2. Bb2 g6 3. e3 Bg7 4. Nf3 0-0 5. Be2 d5 6. 0-0 c6 7. c4 Na6 8. b5 cxb5 9. cxb5 Nc5 10. d4 Nce4 11. Nc3 Bg4 12. Nxe4 Nxe4 13. h3 Bd7 14. a4 Rc8 15. Rc1 Qb6 16. Rxc8 Rxc8 17. Kh2 e6 18. Qd3 f6 19. Rc1 Rxc1 20. Bxc1 Nxf2 21. Qa3 Ne4 22. a5 Qc7+ 23. g3 Qxg3+ 24. Kh1 Nf2# 0-1

[Event "LSS ZN-2011-0-01780"]
[Site "LSS email"]
[Date "2011.11.27"]
[Round "?"]
[White "Kladivko, Vlado"]
[Black "Yangibayev, N."]
[Result "1-0"]
[WhiteElo "2477"]
[BlackElo "975"]
[PlyCount "66"]
[EventDate "2011.11.25"]
[EventType "match (corr)"]
[EventRounds "2"]
[EventCountry "GER"]
[SourceTitle "Corr 2024"]
[Source "ChessBase"]
[SourceDate "2023.10.19"]
[SourceVersion "1"]
[SourceVersionDate "2023.10.19"]
[SourceQuality "1"]

1. e4 c6 2. d4 d5 3. Nc3 dxe4 4. Nxe4 Bf5 5. Ng3 Bg6 6. Nf3 h6 7. Bd3 Bxd3 8. Qxd3 Nf6 9. 0-0 e6 10. Bd2 Nbd7 11. Rfe1 Rc8 12. Rad1 Be7 13. c4 Qc7 14. Bc3 0-0 15. Ne5 Rfd8 16. Qf3 Nb6 17. b3 Nbd7 18. Ne4 b5 19. g4 Nxe5 20. dxe5 Nxe4 21. Rxe4 Rxd1+ 22. Qxd1 Bh4 23. Rd4 a6 24. Rd7 Qb6 25. Bd4 c5 26. Qf3 Rf8 27. Rd6 Qa5 28. Bxc5 Qe1+ 29. Kg2 Qxe5 30. Rc6 Ra8 31. Bd6 Qd4 32. c5 a5 33. Rc7 Bf6 1-0

[Event "LSS RN-2010-0-00326"]
[Site "LSS email"]
[Date "2010.10.16"]
[Round "?"]
[White "Goepfert, Christian"]
[Black "Kladivko, Vlado"]
[Result "0-1"]
[WhiteElo "571"]
[BlackElo "913"]
[PlyCount "30"]
[EventDate "2010.10.01"]
[EventType "tourn (corr)"]
[EventRounds "6"]
[EventCountry "GER"]
[SourceTitle "Corr 2015"]
[Source "ChessBase"]
[SourceDate "2015.07.17"]
[SourceVersion "1"]
[SourceVersionDate "2015.07.17"]
[SourceQuality "1"]

1. e4 c5 2. Nf3 d6 3. d4 cxd4 4. Nxd4 Nf6 5. Nc3 a6 6. f4 g6 7. e5 dxe5 8. fxe5 Nd5 9. Bc4 Nxc3 10. bxc3 e6 11. 0-0 Bg7 12. Bf4 0-0 13. Rb1 b5 14. Bd3 Bb7 15. c4 Qxd4+ 0-1

[Event "LSS RN-2010-0-00326"]
[Site "LSS email"]
[Date "2010.10.15"]
[Round "?"]
[White "Bester, Kazimierz"]
[Black "Kladivko, Vlado"]
[Result "0-1"]
[WhiteElo "689"]
[BlackElo "946"]
[PlyCount "56"]
[EventDate "2010.10.01"]
[EventType "tourn (corr)"]
[EventRounds "6"]
[EventCountry "GER"]
[SourceTitle "Telechess CBM 143"]
[Source "ChessBase"]
[SourceDate "2011.07.15"]
[SourceVersion "1"]
[SourceVersionDate "2011.07.15"]
[SourceQuality "1"]

1. f4 d6 2. Nf3 Nf6 3. e3 g6 4. Be2 Bg7 5. 0-0 0-0 6. d4 c5 7. c3 cxd4 8. Nxd4 Nc6 9. Bf3 Qd7 10. Nxc6 bxc6 11. h3 Bb7 12. e4 Rfd8 13. Nd2 c5 14. Qc2 a5 15. f5 Ra7 16. fxg6 fxg6 17. Nc4 Qc7 18. Bf4 Ba6 19. Be2 Rb8 20. e5 Ne8 21. exd6 exd6 22. Qe4 Kh8 23. Bd3 Bxc4 24. Bxc4 Rxb2 25. Qd5 Nf6 26. Qxd6 Qc8 27. Be6 Qa8 28. Be5 Qxg2# 0-1

[Event "LSS RN-2010-0-00326"]
[Site "LSS email"]
[Date "2010.10.15"]
[Round "?"]
[White "Kladivko, Vlado"]
[Black "Feng, Jason"]
[Result "0-1"]
[WhiteElo "923"]
[BlackElo "922"]
[PlyCount "48"]
[EventDate "2010.10.01"]
[EventType "tourn (corr)"]
[EventRounds "6"]
[EventCountry "GER"]
[SourceTitle "Telechess CBM 143"]
[Source "ChessBase"]
[SourceDate "2011.07.15"]
[SourceVersion "1"]
[SourceVersionDate "2011.07.15"]
[SourceQuality "1"]

1. e4 e5 2. Nf3 Nc6 3. Bc4 Nf6 4. 0-0 Be7 5. Re1 d6 6. d4 Bg4 7. c3 exd4 8. cxd4 Bxf3 9. gxf3 0-0 10. Kh1 Qd7 11. Rg1 Qh3 12. Rg3 Qd7 13. Be3 Rfe8 14. Nc3 Bf8 15. Bg5 Be7 16. f4 Kh8 17. e5 dxe5 18. fxe5 Ng8 19. Bxf7 Rf8 20. e6 Qd8 21. Qh5 Bxg5 22. Rxg5 Qxd4 23. Rag1 Nf6 24. Rxg7 Nxh5 0-1

[Event "LSS No Engine Cup 29 Preliminary 6"]
[Site "LSS email"]
[Date "2010.10.13"]
[Round "?"]
[White "Kladivko, Vlado"]
[Black "Matugin, Sergei"]
[Result "0-1"]
[WhiteElo "922"]
[BlackElo "1593"]
[PlyCount "52"]
[EventDate "2010.10.14"]
[EventType "tourn (corr)"]
[EventRounds "6"]
[EventCountry "GER"]
[SourceTitle "Telechess CBM 143"]
[Source "ChessBase"]
[SourceDate "2011.07.15"]
[SourceVersion "1"]
[SourceVersionDate "2011.07.15"]
[SourceQuality "1"]

1. e4 e5 2. Nf3 Nf6 3. Nc3 Nc6 4. Be2 d5 5. exd5 Nxd5 6. Nxd5 Qxd5 7. d3 g6 8. 0-0 Bg7 9. Be3 0-0 10. Qd2 b6 11. Bh6 Bb7 12. Bxg7 Kxg7 13. Rfe1 Nd4 14. c3 Nxe2+ 15. Rxe2 f6 16. b3 h5 17. Rae1 Qd7 18. Qe3 c5 19. h3 Ba6 20. Rd2 Rfe8 21. Rdd1 Rad8 22. d4 exd4 23. Qd2 Rxe1+ 24. Nxe1 Re8 25. Nc2 Re2 26. Qc1 Qf5 0-1

[Event "LSS No Engine Cup 29 Preliminary 6"]
[Site "LSS email"]
[Date "2010.10.13"]
[Round "?"]
[White "Tassinati, Mirco"]
[Black "Kladivko, Vlado"]
[Result "0-1"]
[WhiteElo "560"]
[BlackElo "913"]
[PlyCount "32"]
[EventDate "2010.10.14"]
[EventType "tourn (corr)"]
[EventRounds "6"]
[EventCountry "GER"]
[SourceTitle "Corr 2015"]
[Source "ChessBase"]
[SourceDate "2015.07.17"]
[SourceVersion "1"]
[SourceVersionDate "2015.07.17"]
[SourceQuality "1"]

1. e4 c5 2. d4 cxd4 3. Qxd4 Nc6 4. Qd1 d6 5. Nc3 Nf6 6. Bb5 a6 7. Bxc6+ bxc6 8. Bg5 e6 9. Nf3 Be7 10. Bxf6 Bxf6 11. 0-0 Be7 12. e5 d5 13. a4 0-0 14. b3 a5 15. Na2 Ba6 16. c3 Bxf1 0-1

[Event "LSS RN-2010-0-00322"]
[Site "LSS email"]
[Date "2010.10.02"]
[Round "?"]
[White "Kladivko, Vlado"]
[Black "Verich, Oleg"]
[Result "1/2-1/2"]
[WhiteElo "920"]
[BlackElo "961"]
[PlyCount "80"]
[EventDate "2010.09.21"]
[EventType "tourn (corr)"]
[EventRounds "6"]
[EventCountry "GER"]
[SourceTitle "Telechess CBM 143"]
[Source "ChessBase"]
[SourceDate "2011.07.15"]
[SourceVersion "1"]
[SourceVersionDate "2011.07.15"]
[SourceQuality "1"]

1. Nf3 d5 2. g3 c6 3. Bg2 Bg4 4. 0-0 Nd7 5. d3 e5 6. c4 Ngf6 7. cxd5 Nxd5 8. Nc3 Nxc3 9. bxc3 Bd6 10. c4 0-0 11. Rb1 Qc7 12. d4 exd4 13. Nxd4 Rfe8 14. f3 Bh5 15. e4 Bc5 16. Be3 Rad8 17. Nf5 Bxe3+ 18. Nxe3 Ne5 19. Qc2 b6 20. f4 Nd3 21. g4 Nxf4 22. gxh5 Nxh5 23. Rbd1 Qe5 24. Rf5 Rxd1+ 25. Qxd1 Qc3 26. Ng4 g6 27. Rf3 Qxc4 28. Nh6+ Kg7 29. Nxf7 Rxe4 30. Qa1+ Qd4+ 31. Qxd4+ Rxd4 32. Ne5 Nf4 33. Nxc6 Ra4 34. Rf2 Nd3 35. Rd2 Nc1 36. Rd7+ Kh6 37. Rxa7 Rxa7 38. Nxa7 Nxa2 39. Bf1 Nc3 40. Nb5 Nxb5 1/2-1/2

[Event "LSS RN-2010-0-00322"]
[Site "LSS email"]
[Date "2010.10.01"]
[Round "?"]
[White "Kladivko, Vlado"]
[Black "Oberlaender, Rolf"]
[Result "1-0"]
[WhiteElo "911"]
[BlackElo "800"]
[PlyCount "49"]
[EventDate "2010.09.21"]
[EventType "tourn (corr)"]
[EventRounds "6"]
[EventCountry "GER"]
[SourceTitle "Telechess CBM 143"]
[Source "ChessBase"]
[SourceDate "2011.07.15"]
[SourceVersion "1"]
[SourceVersionDate "2011.07.15"]
[SourceQuality "1"]

1. e4 e5 2. Nf3 Nf6 3. Nc3 Bc5 4. Bc4 b5 5. Bxb5 c6 6. Ba4 Ba6 7. d3 Ng4 8. 0-0 0-0 9. Bb3 d5 10. exd5 Bb7 11. Ne4 cxd5 12. Nxc5 Bc6 13. h3 Nf6 14. Nxe5 Qd6 15. Nxc6 Qxc5 16. Nxb8 Raxb8 17. Be3 Qc7 18. Re1 Rb6 19. Bxb6 axb6 20. Qf3 Qc6 21. Re5 Qd6 22. Rae1 b5 23. Bxd5 Kh8 24. Bxf7 g6 25. Re6 1-0

[Event "LSS RN-2010-0-00322"]
[Site "LSS email"]
[Date "2010.10.01"]
[Round "?"]
[White "Vontina, Maria"]
[Black "Kladivko, Vlado"]
[Result "0-1"]
[WhiteElo "646"]
[BlackElo "934"]
[PlyCount "54"]
[EventDate "2010.09.21"]
[EventType "tourn (corr)"]
[EventRounds "6"]
[EventCountry "GER"]
[SourceTitle "Telechess CBM 143"]
[Source "ChessBase"]
[SourceDate "2011.07.15"]
[SourceVersion "1"]
[SourceVersionDate "2011.07.15"]
[SourceQuality "1"]

1. e4 c5 2. Nf3 d6 3. d4 cxd4 4. Nxd4 Nf6 5. Nc3 a6 6. Bg5 Nbd7 7. Be2 e6 8. 0-0 Be7 9. f4 0-0 10. Bf3 Rb8 11. Rc1 b5 12. a3 Bb7 13. Qe2 h6 14. Bh4 Ne8 15. Bf2 Nc7 16. Nb3 d5 17. Rfd1 dxe4 18. Bxe4 Qc8 19. Bxb7 Rxb7 20. Qd3 Rd8 21. Qe4 Nf6 22. Qe5 Ncd5 23. Nxd5 Rxd5 24. Rxd5 Nxd5 25. g3 Bf6 26. Qe4 Bxb2 27. Rb1 Nc3 0-1

[Event "LSS RN-2010-0-00317"]
[Site "LSS email"]
[Date "2010.09.20"]
[Round "?"]
[White "Bester, Kazimierz"]
[Black "Kladivko, Vlado"]
[Result "0-1"]
[WhiteElo "680"]
[BlackElo "915"]
[PlyCount "66"]
[EventDate "2010.09.01"]
[EventType "tourn (corr)"]
[EventRounds "6"]
[EventCountry "GER"]
[SourceTitle "Telechess CBM 143"]
[Source "ChessBase"]
[SourceDate "2011.07.15"]
[SourceVersion "1"]
[SourceVersionDate "2011.07.15"]
[SourceQuality "1"]

1. f4 d6 2. Nf3 Nc6 3. e3 g6 4. Bb5 Bd7 5. 0-0 Bg7 6. d4 a6 7. Be2 e6 8. c3 Nf6 9. Nbd2 0-0 10. Ng5 e5 11. Nb3 exd4 12. exd4 Ne7 13. h4 Re8 14. g3 Nf5 15. Kh2 Bc6 16. Bf3 Qd7 17. Bxc6 Qxc6 18. Qd3 Re7 19. Na5 Qb5 20. Qxb5 axb5 21. Nxb7 c6 22. Nxd6 Nxd6 23. b3 Re2+ 24. Kh3 Raxa2 25. Rxa2 Rxa2 26. Rf3 Nde4 27. Nxe4 Nxe4 28. Be3 Nxc3 29. f5 Nd5 30. Bf2 Rd2 31. fxg6 hxg6 32. Kg4 f5+ 33. Kg5 Kh7 0-1

[Event "LSS RN-2010-0-00317"]
[Site "LSS email"]
[Date "2010.09.20"]
[Round "?"]
[White "Kladivko, Vlado"]
[Black "Brough, Carl"]
[Result "1-0"]
[WhiteElo "928"]
[BlackElo "648"]
[PlyCount "59"]
[EventDate "2010.09.01"]
[EventType "tourn (corr)"]
[EventRounds "6"]
[EventCountry "GER"]
[SourceTitle "Telechess CBM 143"]
[Source "ChessBase"]
[SourceDate "2011.07.15"]
[SourceVersion "1"]
[SourceVersionDate "2011.07.15"]
[SourceQuality "1"]

1. e4 e5 2. Nf3 Nc6 3. Nc3 a6 4. a3 d6 5. Bc4 Nf6 6. Ng5 Be6 7. Bxe6 fxe6 8. Nxe6 Qe7 9. Nxf8 Qxf8 10. 0-0 Nd4 11. d3 Qf7 12. Be3 0-0 13. Ne2 Nxe2+ 14. Qxe2 b6 15. f4 c5 16. Rf3 d5 17. fxe5 Qg6 18. Rg3 Qe8 19. exf6 Rxf6 20. Rf1 Qe6 21. Rxf6 Qxf6 22. Bg5 Qxb2 23. exd5 Qd4+ 24. Qe3 Qa1+ 25. Kf2 Qd1 26. Bf6 Qxc2+ 27. Kf3 Rf8 28. Rxg7+ Kh8 29. Rf7+ Kg8 30. Rxf8+ 1-0

[Event "LSS RN-2010-0-00312"]
[Site "LSS email"]
[Date "2010.08.27"]
[Round "?"]
[White "Verich, Oleg"]
[Black "Kladivko, Vlado"]
[Result "1/2-1/2"]
[WhiteElo "965"]
[BlackElo "800"]
[PlyCount "133"]
[EventDate "2010.08.12"]
[EventType "tourn (corr)"]
[EventRounds "6"]
[EventCountry "GER"]
[SourceTitle "Telechess CBM 143"]
[Source "ChessBase"]
[SourceDate "2011.07.15"]
[SourceVersion "1"]
[SourceVersionDate "2011.07.15"]
[SourceQuality "1"]

1. e4 c5 2. Nf3 d6 3. Bb5+ Bd7 4. Qe2 a6 5. Bxd7+ Qxd7 6. 0-0 Nc6 7. c3 g6 8. d3 Bg7 9. Be3 Nf6 10. h3 0-0 11. Nbd2 b5 12. Rac1 Rfc8 13. Rfd1 Qb7 14. Nf1 Nd7 15. Ng3 Nce5 16. Nxe5 Nxe5 17. f4 Nd7 18. d4 cxd4 19. cxd4 Rxc1 20. Rxc1 Rc8 21. Qd2 Nb6 22. b3 Rxc1+ 23. Qxc1 Qc8 24. Qxc8+ Nxc8 25. Ne2 e6 26. Nc1 Ne7 27. g4 Nc6 28. e5 dxe5 29. dxe5 Nb4 30. a3 Nd5 31. Kf2 Bf8 32. b4 Nb6 33. Nd3 Nc4 34. Bc1 a5 35. bxa5 Nxa5 36. Nb4 Nc4 37. Kf3 Bc5 38. Ke4 Kf8 39. f5 exf5+ 40. gxf5 gxf5+ 41. Kxf5 Ke7 42. Nd5+ Kf8 43. Nc7 Bxa3 44. Bh6+ Kg8 45. Nxb5 Bb2 46. Bf4 Kg7 47. Nd6 Nb6 48. Ne8+ Kf8 49. Nf6 Ke7 50. Nxh7 Nd7 51. Bg5+ Ke8 52. Nf6+ Nxf6 53. Bxf6 Kf8 54. h4 Kg8 55. h5 Bc1 56. Bg5 Ba3 57. Be3 Bb4 58. Bd4 Bd2 59. Kf6 Bc1 60. Bc5 Bf4 61. Bd6 Bd2 62. Be7 Bc1 63. Kf5 Bd2 64. Bg5 Bc3 65. Bf4 Bb2 66. Kg5 Bc3 67. h6 1/2-1/2

[Event "OP-2010-0-01239"]
[Site "LSS email"]
[Date "2010.08.21"]
[Round "?"]
[White "Tassinati, Mirco"]
[Black "Kladivko, Vlado"]
[Result "0-1"]
[WhiteElo "466"]
[BlackElo "800"]
[PlyCount "54"]
[EventDate "2010.08.17"]
[EventType "tourn (corr)"]
[EventRounds "4"]
[EventCountry "GER"]
[SourceTitle "Telechess CBM 143"]
[Source "ChessBase"]
[SourceDate "2011.07.15"]
[SourceVersion "1"]
[SourceVersionDate "2011.07.15"]
[SourceQuality "1"]

1. d4 Nf6 2. Nf3 g6 3. Nc3 Bg7 4. e4 d6 5. e5 dxe5 6. Nxe5 0-0 7. Bc4 Nbd7 8. Nxd7 Bxd7 9. Be3 e6 10. 0-0 a6 11. Qf3 Bc6 12. Qh3 b5 13. Bd3 Qd7 14. Bh6 Qxd4 15. Ne2 Qg4 16. Bxg7 Qxh3 17. gxh3 Kxg7 18. Nd4 Bd5 19. b3 c5 20. Ne2 c4 21. Nf4 cxd3 22. cxd3 Rfc8 23. Nxd5 Nxd5 24. a4 bxa4 25. Rxa4 Rc3 26. Rb1 Rxd3 27. b4 Nc3 0-1

[Event "OP-2010-0-01239"]
[Site "LSS email"]
[Date "2010.08.21"]
[Round "?"]
[White "Zimmermann, Matthias"]
[Black "Kladivko, Vlado"]
[Result "0-1"]
[WhiteElo "800"]
[BlackElo "800"]
[PlyCount "72"]
[EventDate "2010.08.17"]
[EventType "tourn (corr)"]
[EventRounds "4"]
[EventCountry "GER"]
[SourceTitle "Telechess CBM 143"]
[Source "ChessBase"]
[SourceDate "2011.07.15"]
[SourceVersion "1"]
[SourceVersionDate "2011.07.15"]
[SourceQuality "1"]

1. e4 c5 2. Nf3 d6 3. Bc4 Bg4 4. Nc3 Nc6 5. 0-0 Nf6 6. d3 Nd4 7. Qd2 Bxf3 8. gxf3 Nxf3+ 9. Kg2 Nxd2 10. Bxd2 a6 11. Rfe1 b5 12. Bd5 Nxd5 13. Nxd5 e6 14. Nf4 Qg5+ 15. Kf3 e5 16. h4 Qxh4 17. Ng2 Qh3+ 18. Ke2 Qxg2 19. c4 bxc4 20. Rg1 cxd3+ 21. Ke3 Qh3+ 22. f3 c4 23. Rh1 Qe6 24. f4 exf4+ 25. Kxf4 d5 26. Rae1 Qf6+ 27. Kg3 Bd6+ 28. e5 Bxe5+ 29. Kg4 0-0 30. Rh5 Qg6+ 31. Rg5 f5+ 32. Kf3 Qf6 33. Rh1 Bxb2 34. Rhh5 c3 35. Bxc3 Bxc3 36. Rxf5 Qxf5+ 0-1